|
|
|
|
| LEADER |
00000nab a2200000 a 4500 |
| 001 |
vtls000687917 |
| 003 |
SK-MaSNL |
| 005 |
20260302195641.0 |
| 008 |
180206c1999 xo 0 slo |
| 015 |
|
|
|a SNBRB1999/03-05631
|
| 035 |
|
|
|a CLN000040084
|
| 040 |
|
|
|a SNKBUCL
|b slo
|c SNKBUCL
|e AACR2
|
| 041 |
0 |
|
|a slo
|
| 044 |
|
|
|a xo
|c SK
|
| 080 |
|
|
|a 336.121(437.6)
|2 UDC-MRF-SK2
|
| 100 |
1 |
|
|a Legéň, Anton
|4 ain
|9 11640
|
| 245 |
1 |
0 |
|a Slovenská ekonomika má na viac
|b každý minister by sa mal snažiť úrad zoštíhliť
|c Anton Legéň, Miroslav Maxon
|
| 300 |
|
|
|b Fotogr.
|
| 650 |
0 |
7 |
|a rozpočet štátny
|z Slovensko
|y 1999
|x návrhy
|2 snkbucl
|9 891241
|
| 655 |
|
7 |
|a články z novín a časopisov
|2 snkbucl
|9 267496
|
| 700 |
1 |
|
|a Maxon, Miroslav,
|d 1951-
|4 aut
|4 uin
|9 119096
|
| 773 |
0 |
|
|x 1335-4124
|t Hospodársky denník
|g Roč. 1, č. 26 (24.3.1999), s. 1 a 7
|
| 850 |
|
|
|a Slovenská národná knižnica v Martine
|
| 852 |
|
|
|a SNK
|b KIS3GCP
|
| 958 |
|
|
|a RBX
|
| 999 |
|
|
|c 1453405
|d 1455335
|